[Event "EU-Cup 36th"]
[Site "Struga"]
[Date "2021.09.19"]
[Round "2.3"]
[White "Petursson, Margeir"]
[Black "Dinev, Dejan"]
[Result "1-0"]
[WhiteElo "2442"]
[BlackElo "2204"]
[PlyCount "171"]
[EventDate "2021.09.18"]
[EventType "team-swiss"]
[EventRounds "7"]
[EventCountry "MKD"]
[SourceTitle "CBM 204 Extra"]
[Source "ChessBase"]
[SourceDate "2021.11.30"]
[SourceVersion "1"]
[SourceVersionDate "2021.11.30"]
[SourceQuality "1"]
[WhiteTeam "Reykjavik"]
[BlackTeam "Gostivar"]
[WhiteTeamCountry "ISL"]
[BlackTeamCountry "MKD"]

1. c4 g6 2. d4 Nf6 3. Nc3 d5 4. cxd5 Nxd5 5. Nf3 Bg7 6. e4 Nxc3 7. bxc3 c5 8. Rb1 0-0 9. Be2 Nd7 10. 0-0 Re8 11. Bf4 b6 12. Bc4 e6 13. Re1 Bb7 14. Bb5 Qc7 15. Qa4 Red8 16. Bg5 f6 17. Bh4 Nf8 18. e5 a6 19. Be2 b5 20. Qd1 Nd7 21. exf6 Nxf6 22. Qb3 cxd4 23. Nxd4 Bd5 24. Qa3 Rf8 25. Rbc1 e5 26. Nc2 Qb7 27. Ne3 Bc6 28. c4 b4 29. Qb3 a5 30. a3 Rab8 31. axb4 axb4 32. Bf1 Kh8 33. c5 Nd5 34. Nc4 Qc7 35. Nd6 Nc3 36. Bg3 Bd5 37. Bc4 Qxc5 38. Rxe5 Bxc4 39. Nxc4 Qd4 40. Rce1 Rbc8 41. Nb2 Rc5 42. R5e3 Rcf5 43. Nd3 Nd5 44. Re8 h5 45. Rxf8+ Rxf8 46. Ne5 Ne7 47. Nf7+ Kg8 48. Ng5+ Qd5 49. Qxb4 Nc6 50. Qd6 Qxd6 51. Bxd6 Rd8 52. Bc5 Bd4 53. Bxd4 Nxd4 54. h4 Nf5 55. g3 Rd2 56. Re6 Kg7 57. Ra6 Rd1+ 58. Kg2 Rd2 59. Ra7+ Kg8 60. Kf3 Rb2 61. Ne4 Rb4 62. Rd7 Nd4+ 63. Ke3 Ne6 64. Nf6+ Kf8 65. Nh7+ Ke8 66. Nf6+ Kf8 67. Ra7 Rc4 68. Nd7+ Kg8 69. Ne5 Rc3+ 70. Kd2 Rb3 71. Nxg6 Nc5 72. Nf4 Ne4+ 73. Ke2 Rb2+ 74. Ke3 Nxf2 75. Nxh5 Ng4+ 76. Kf4 Rb4+ 77. Kg5 Ne5 78. Kf5 Nc6 79. Rc7 Rc4 80. Nf6+ Kf8 81. Nd5 Rc1 82. Rb7 Rc5 83. Ke4 Rc4+ 84. Ke3 Ne5 85. Nf6 Rc3+ 86. Ke4 1-0

[Event "Icelandic Cup"]
[Site "Reykjavik"]
[Date "2021.03.08"]
[Round "1.2"]
[White "Petursson, Margeir"]
[Black "Kjartansson, Gudmundur"]
[Result "0-1"]
[WhiteElo "2450"]
[BlackElo "2483"]
[PlyCount "72"]
[EventDate "2021.03.06"]
[EventType "k.o."]
[EventRounds "3"]
[EventCountry "ISL"]
[SourceTitle "CBM 201 Extra"]
[Source "ChessBase"]
[SourceDate "2021.05.31"]
[SourceVersion "1"]
[SourceVersionDate "2021.05.31"]
[SourceQuality "1"]

1. d4 d5 2. c4 e6 3. Nc3 c6 4. Nf3 Nf6 5. Bg5 h6 6. Bh4 dxc4 7. e4 b5 8. Be2 Qb6 9. 0-0 Bb7 10. Ne5 Bb4 11. f4 Nbd7 12. Nxf7 Kxf7 13. e5 c5 14. exf6 cxd4 15. Bh5+ Kg8 16. Kh1 Rh7 17. f7+ Kf8 18. Bg6 Rh8 19. Ne4 Be7 20. Bf2 e5 21. Qh5 Rd8 22. Ng5 Nf6 23. Qh3 Bc8 24. f5 e4 25. Rfe1 e3 26. Bg1 Rd5 27. Bxe3 dxe3 28. Ne6+ Bxe6 29. fxe6 Re5 30. Qf3 Rxe6 31. Rad1 Qc6 32. Qf4 Bd6 33. Rxe3 Bxf4 34. Rd8+ Ke7 35. Rxh8 Nd7 36. Re8+ Kf6 0-1

[Event "Rilton Winners Cup"]
[Site "Chess.com INT"]
[Date "2020.12.28"]
[Round "1.2"]
[White "Petursson, Margeir"]
[Black "Bellon Lopez, Juan Manuel"]
[Result "1-0"]
[WhiteElo "2450"]
[BlackElo "2327"]
[PlyCount "29"]
[EventDate "2020.12.27"]
[EventType "k.o. (rapid)"]
[EventRounds "4"]
[EventCountry "SWE"]
[SourceTitle "CBM 200 Extra"]
[Source "ChessBase"]
[SourceDate "2021.03.31"]
[SourceVersion "1"]
[SourceVersionDate "2021.03.31"]
[SourceQuality "1"]

1. g3 e5 2. c4 Nc6 3. Bg2 Bc5 4. Nc3 Nf6 5. a3 Bd4 6. Nd5 d6 7. e3 Bb6 8. Ne2 Nxd5 9. cxd5 Ne7 10. d4 0-0 11. 0-0 c6 12. dxe5 dxe5 13. dxc6 bxc6 14. Qa4 Bg4 15. Qxg4 1-0

[Event "ISL-ch"]
[Site "Gardabaer"]
[Date "2020.08.23"]
[Round "2"]
[White "Petursson, Margeir"]
[Black "Ragnarsson, Dagur"]
[Result "0-1"]
[WhiteElo "2475"]
[BlackElo "2396"]
[PlyCount "66"]
[EventDate "2020.08.22"]
[EventType "tourn"]
[EventRounds "9"]
[EventCountry "ISL"]
[EventCategory "6"]
[SourceTitle "CBM 198 Extra"]
[Source "ChessBase"]
[SourceDate "2020.11.30"]
[SourceVersion "1"]
[SourceVersionDate "2020.11.30"]
[SourceQuality "1"]

1. c4 e5 2. Nc3 Nf6 3. Nf3 Nc6 4. g3 d5 5. cxd5 Nxd5 6. Bg2 Nb6 7. 0-0 Be7 8. a3 0-0 9. b4 Be6 10. d3 a5 11. b5 Nd4 12. Nd2 Qc8 13. e3 Nf5 14. Bb2 Nd6 15. a4 f5 16. Ne2 Nf7 17. e4 Rd8 18. Qc2 c6 19. bxc6 Qxc6 20. Qxc6 bxc6 21. d4 fxe4 22. Rfc1 Bg4 23. Kf1 e3 24. fxe3 Nd5 25. Nc4 Rf8 26. dxe5 Nxe5+ 27. Kg1 Nxc4 28. Rxc4 Bxe2 29. Rxc6 Bf3 30. Bd4 Bxg2 31. Kxg2 Bf6 32. Re1 Rae8 33. Bc5 Rc8 0-1

[Event "WchT Seniors 50"]
[Site "Prague"]
[Date "2020.03.11"]
[Round "6.1"]
[White "Petursson, Margeir"]
[Black "Ftacnik, Lubomir"]
[Result "1/2-1/2"]
[WhiteElo "2466"]
[BlackElo "2513"]
[PlyCount "37"]
[EventDate "2020.03.06"]
[EventType "team-swiss"]
[EventRounds "7"]
[EventCountry "CZE"]
[SourceTitle "CBM 195 Extra"]
[Source "ChessBase"]
[SourceDate "2020.05.31"]
[SourceVersion "1"]
[SourceVersionDate "2020.05.31"]
[SourceQuality "1"]
[WhiteTeam "Island 50"]
[BlackTeam "Slovakia 50"]
[WhiteTeamCountry "ISL"]
[BlackTeamCountry "SVK"]

1. d4 Nf6 2. Nf3 g6 3. g3 Bg7 4. Bg2 d5 5. 0-0 0-0 6. Nbd2 Na6 7. Nb3 c6 8. Bf4 Bf5 9. Rc1 Rc8 10. Re1 Ne4 11. Nfd2 Nxd2 12. Qxd2 Re8 13. c4 dxc4 14. Rxc4 e5 15. Bg5 f6 16. Be3 Be6 17. Rc3 e4 18. Bh6 Bd5 19. Bxg7 1/2-1/2

[Event "WchT Seniors 50"]
[Site "Prague"]
[Date "2020.03.06"]
[Round "1.6"]
[White "Malinovsky, Petr"]
[Black "Petursson, Margeir"]
[Result "0-1"]
[WhiteElo "2101"]
[BlackElo "2466"]
[PlyCount "116"]
[EventDate "2020.03.06"]
[EventType "team-swiss"]
[EventRounds "7"]
[EventCountry "CZE"]
[SourceTitle "CBM 195 Extra"]
[Source "ChessBase"]
[SourceDate "2020.05.31"]
[SourceVersion "1"]
[SourceVersionDate "2020.05.31"]
[SourceQuality "1"]
[WhiteTeam "Czech Republic 50 IX"]
[BlackTeam "Island 50"]
[WhiteTeamCountry "CZE"]
[BlackTeamCountry "ISL"]

1. d4 Nf6 2. c4 e6 3. Nc3 Bb4 4. e3 0-0 5. Nge2 Re8 6. a3 Bf8 7. g3 d5 8. cxd5 exd5 9. Bg2 c6 10. 0-0 Nbd7 11. b4 Nb6 12. b5 Nc4 13. bxc6 bxc6 14. Nf4 Bf5 15. Re1 Rb8 16. Na4 Qa5 17. Nc5 Bxc5 18. dxc5 Ne4 19. Rf1 Nxc5 20. Qh5 Be4 21. Bxe4 Nxe4 22. Qd1 Qc3 23. Ra2 Rb1 24. Qc2 Reb8 25. Qxc3 Nxc3 26. Rc2 R8b3 27. Nd3 Ne2+ 28. Rxe2 Rxd3 29. Rc2 f5 30. Kg2 Kf7 31. Re1 Ke6 32. Kf1 Rbb3 33. a4 Rdc3 34. Ra2 Rb1 35. Bd2 Rxe1+ 36. Bxe1 Rb3 37. a5 a6 38. Ke2 g5 39. h3 h5 40. Rc2 Kd6 41. Bc3 c5 42. Bf6 g4 43. hxg4 hxg4 44. Rc1 Ra3 45. Rb1 Rxa5 46. Rb8 Ra2+ 47. Ke1 Nd2 48. Bg7 Ne4 49. Bf8+ Kc6 50. Re8 Nxf2 51. Rc8+ Kd7 52. Rb8 Ne4 53. Rb7+ Kc6 54. Rf7 d4 55. exd4 cxd4 56. Bg7 d3 57. Rxf5 Re2+ 58. Kd1 Nf2+ 0-1

[Event "Keres Memorial rap 29th"]
[Site "Tallinn"]
[Date "2020.01.11"]
[Round "7"]
[White "Petursson, Margeir"]
[Black "Moiseenko, Alexander"]
[Result "0-1"]
[WhiteElo "2466"]
[BlackElo "2620"]
[PlyCount "112"]
[EventDate "2020.01.11"]
[EventType "swiss (rapid)"]
[EventRounds "11"]
[EventCountry "EST"]
[SourceTitle "CBM 194 Extra"]
[Source "ChessBase"]
[SourceDate "2020.03.31"]
[SourceVersion "1"]
[SourceVersionDate "2020.03.31"]
[SourceQuality "1"]

1. c4 e5 2. g3 c6 3. d4 Bb4+ 4. Bd2 Bxd2+ 5. Qxd2 d6 6. Nc3 Nf6 7. Bg2 0-0 8. dxe5 dxe5 9. Qxd8 Rxd8 10. Nf3 Re8 11. Nd2 Na6 12. h3 Bf5 13. g4 Bg6 14. 0-0-0 Nc5 15. g5 Nfd7 16. Nde4 a5 17. h4 Red8 18. Nd6 Bh5 19. Rd2 Nf8 20. Nce4 Nfe6 21. Nxc5 Nxc5 22. Rhd1 Kf8 23. Ne4 Ne6 24. Ng3 Rxd2 25. Rxd2 Bg4 26. f3 Nf4 27. Bf1 Be6 28. e3 Ng6 29. h5 Nh4 30. f4 Re8 31. b3 Nf5 32. Nxf5 Bxf5 33. Rf2 exf4 34. Rxf4 g6 35. Kd2 Re5 36. Rd4 Ke7 37. Be2 Be6 38. hxg6 hxg6 39. Bg4 Rxg5 40. Bxe6 Kxe6 41. Kd3 Rg1 42. Rh4 Rd1+ 43. Ke4 Rd2 44. Rh8 Rxa2 45. Rb8 Rb2 46. Rxb7 a4 47. b4 a3 48. b5 cxb5 49. cxb5 a2 50. Ra7 Kd6 51. b6 Kc6 52. b7 Kc7 53. Ke5 Kb8 54. Ra3 Kxb7 55. Kf6 Rf2+ 56. Ke7 Kc6 0-1

[Event "Puhajarve rap op 20th"]
[Site "Puhajarve"]
[Date "2019.12.01"]
[Round "33"]
[White "Petursson, Margeir"]
[Black "Blomqvist, Erik"]
[Result "0-1"]
[WhiteElo "2464"]
[BlackElo "2523"]
[PlyCount "46"]
[EventDate "2019.11.29"]
[EventType "tourn (rapid)"]
[EventRounds "35"]
[EventCountry "EST"]
[SourceTitle "CBM 193 Extra"]
[Source "ChessBase"]
[SourceDate "2020.01.31"]
[SourceVersion "1"]
[SourceVersionDate "2020.01.31"]
[SourceQuality "1"]

1. c4 e6 2. g3 d5 3. Bg2 g6 4. Nf3 Bg7 5. 0-0 Nf6 6. d3 0-0 7. Nc3 b6 8. Qc2 Bb7 9. b3 c5 10. cxd5 exd5 11. d4 Na6 12. Bb2 Qe7 13. Rad1 Rfd8 14. Qb1 Rac8 15. Rfe1 Nc7 16. Ba3 Ne6 17. e3 Qe8 18. Ne5 cxd4 19. Na4 dxe3 20. Rxe3 d4 21. Ree1 Bxg2 22. Kxg2 b5 23. Nc5 Nxc5 0-1

[Event "Puhajarve rap op 20th"]
[Site "Puhajarve"]
[Date "2019.12.01"]
[Round "29"]
[White "Petursson, Margeir"]
[Black "Kanep, Meelis"]
[Result "0-1"]
[WhiteElo "2464"]
[BlackElo "2445"]
[PlyCount "108"]
[EventDate "2019.11.29"]
[EventType "tourn (rapid)"]
[EventRounds "35"]
[EventCountry "EST"]
[SourceTitle "CBM 193 Extra"]
[Source "ChessBase"]
[SourceDate "2020.01.31"]
[SourceVersion "1"]
[SourceVersionDate "2020.01.31"]
[SourceQuality "1"]

1. c4 Nf6 2. Nc3 e5 3. g3 Nc6 4. Bg2 g6 5. Nf3 Bg7 6. d4 exd4 7. Nxd4 0-0 8. 0-0 Re8 9. Nc2 d6 10. Bd2 Ne5 11. b3 c6 12. Rc1 a5 13. h3 Qc7 14. Be3 Ned7 15. Bf4 Ne5 16. Be3 Ned7 17. Bf4 Bf8 18. e4 Nc5 19. Re1 Nfd7 20. Re2 Ne5 21. Rd2 a4 22. Nd4 axb3 23. axb3 Bg7 24. b4 Ne6 25. Nxe6 Bxe6 26. Nd5 Qd8 27. Ne3 Qb6 28. Rxd6 Qxb4 29. Rb1 Qc5 30. Rxb7 h6 31. h4 Ra2 32. Rd2 Ra1 33. Rb1 Ra3 34. Rd8 Ra8 35. Rxe8+ Rxe8 36. Qc1 Kh7 37. Qc2 Ra8 38. Nf5 Bf8 39. Be3 Qxc4 40. Nd4 Qxc2 41. Nxc2 Nc4 42. Bd4 Ra2 43. Ne3 c5 44. Nxc4 cxd4 45. Bf1 Rc2 46. Ne5 Ra2 47. Bc4 Bxc4 48. Nxc4 Rc2 49. Ne5 Rc3 50. Rb7 Kg8 51. Nxf7 d3 52. Rd7 d2 53. Kg2 Rc1 54. Nxh6+ Bxh6 0-1